Harry Potter: le Souvenir altéré de Horace Slughorn - Statistiques

Statistiques générales
  • Ce quiz a été pris 62 fois
  • Le résultat moyen est 9 sur 12
Statistiques - réponses
Information Réponses % Correct
Observateur Albus Dumbledore
100%
Observateur Harry Potter
100%
Lieu de l'observation Bureau d'Albus Dumbledore
98%
Propriétaire du souvenir Horace Slughorn
98%
Personnage présent Horace Slughorn
98%
Personnage présent Tom Jedusor
98%
Première apparition Harry Potter et le Prince de Sang-Mêlé
95%
Dernière apparition Harry Potter et le Prince de Sang-Mêlé
95%
Lieu du souvenir Bureau de Slughorn
91%
Personnage présent Avery
30%
Personnage présent Lestrange
25%
Personnage mentionné Galatea Têtenjoy
20%
Aucun quiz correspondant
Distribution des résultats
% des personnes avec chaque résultat
Percentile par nombre de réponses
Votre historique - résultats
Vous n’avez pas pris ce quiz